000 01286nam a2200301 c 4500
999 _c206682
_d206682
003 BLK
005 20221206141522.0
008 180411b bul|||||r ||||||| ||bul||
010 _aKNG00216432000
040 _aBLK
041 _aBUL
_cBUL
080 _aАмериканска литература (на САЩ)
_b821.111(73)
_x-32
_z821.111(73)-32
100 1 _aКолдуел, Ърскин
_eпърви автор
_9381216
139 _aКолдуел, Ърскин
_bК 77
245 1 0 _aМуха в ковчега
_b[Разкази и повест]
_cЪрскин Колдуел; подб. и прев. Кръстан Дянков.
257 _aUSA
260 _bХристо Г. Данов
_c1980
_aПловдив
300 _a252 с.
_c22 см
380 _aX
490 _aБиблиотека Световна класика
_9201621
500 _aПрев. от : The bastard, The poor fool, Kneel to the rising sun, American earth, Southways, We are the living, Guif coast stories, Wen you think of me, The cmplete stories of Erskine Caldwell.
700 1 _aДянков, Кръстан
_eподб. и прев.
_9365804
852 _aЦб 104566
856 4 _qpdf
_i0.00
_ldisable
856 4 _qpdf
_i0.00
_ldisable
942 _cKNG
_n0
_02
_s1
944 _aCR
_c26.02.2018
_kКети_Илиева
944 _aED
_c26.02.2018
_kКети_Илиева
999 _d206682